<?xml version="1.0" encoding="UTF-8"?>
<collection xmlns="http://www.loc.gov/MARC21/slim">
 <record>
  <leader>02761caa a2200505   4500</leader>
  <controlfield tag="001">1748004085</controlfield>
  <controlfield tag="003">DE-627</controlfield>
  <controlfield tag="005">20210929090056.0</controlfield>
  <controlfield tag="007">cr cn 008aaaaa</controlfield>
  <controlfield tag="008">210210s1965    xx |||||oo    00| ||ger c</controlfield>
  <datafield tag="024" ind1="7" ind2=" ">
   <subfield code="a">10.11588/tz.1965.0.55932</subfield>
   <subfield code="2">doi</subfield>
  </datafield>
  <datafield tag="035" ind1=" " ind2=" ">
   <subfield code="a">(DE-627)1748004085</subfield>
  </datafield>
  <datafield tag="035" ind1=" " ind2=" ">
   <subfield code="a">(DE-599)KXP1748004085</subfield>
  </datafield>
  <datafield tag="035" ind1=" " ind2=" ">
   <subfield code="a">(OCoLC)1264407174</subfield>
  </datafield>
  <datafield tag="040" ind1=" " ind2=" ">
   <subfield code="a">DE-627</subfield>
   <subfield code="b">ger</subfield>
   <subfield code="c">DE-627</subfield>
   <subfield code="e">rda</subfield>
  </datafield>
  <datafield tag="041" ind1=" " ind2=" ">
   <subfield code="a">ger</subfield>
  </datafield>
  <datafield tag="084" ind1=" " ind2=" ">
   <subfield code="a">ALT-KA</subfield>
   <subfield code="q">DE-16</subfield>
   <subfield code="2">fid</subfield>
  </datafield>
  <datafield tag="100" ind1="1" ind2=" ">
   <subfield code="a">Zahn, Eberhard</subfield>
   <subfield code="d">1922-1989</subfield>
   <subfield code="e">VerfasserIn</subfield>
   <subfield code="0">(DE-588)1018329978</subfield>
   <subfield code="0">(DE-627)690577427</subfield>
   <subfield code="0">(DE-576)355605589</subfield>
   <subfield code="4">aut</subfield>
  </datafield>
  <datafield tag="245" ind1="1" ind2="0">
   <subfield code="a">[Rezension von: Horst Reber, Die Baukunst im Kurfürstentum Trier unter den Kurfürsten Johann Hugo von Orsbeck, Karl von Lothringen und Franz Ludwig von Pfalz-Neuburg 1676-1729]</subfield>
   <subfield code="c">E. Zahn</subfield>
  </datafield>
  <datafield tag="264" ind1=" " ind2="1">
   <subfield code="c">1965</subfield>
  </datafield>
  <datafield tag="336" ind1=" " ind2=" ">
   <subfield code="a">Text</subfield>
   <subfield code="b">txt</subfield>
   <subfield code="2">rdacontent</subfield>
  </datafield>
  <datafield tag="337" ind1=" " ind2=" ">
   <subfield code="a">Computermedien</subfield>
   <subfield code="b">c</subfield>
   <subfield code="2">rdamedia</subfield>
  </datafield>
  <datafield tag="338" ind1=" " ind2=" ">
   <subfield code="a">Online-Ressource</subfield>
   <subfield code="b">cr</subfield>
   <subfield code="2">rdacarrier</subfield>
  </datafield>
  <datafield tag="500" ind1=" " ind2=" ">
   <subfield code="a">Elektronische Reproduktion der Druckausgabe</subfield>
  </datafield>
  <datafield tag="533" ind1=" " ind2=" ">
   <subfield code="a">Online-Ausgabe</subfield>
   <subfield code="b">Heidelberg</subfield>
   <subfield code="c">Propylaeum</subfield>
   <subfield code="d">2021</subfield>
   <subfield code="7">|2021||||||||||</subfield>
  </datafield>
  <datafield tag="655" ind1=" " ind2="7">
   <subfield code="a">Rezension</subfield>
   <subfield code="0">(DE-588)4049712-4</subfield>
   <subfield code="0">(DE-627)106186019</subfield>
   <subfield code="0">(DE-576)209083166</subfield>
   <subfield code="2">gnd-content</subfield>
  </datafield>
  <datafield tag="689" ind1="0" ind2="0">
   <subfield code="d">p</subfield>
   <subfield code="0">(DE-588)11871239X</subfield>
   <subfield code="0">(DE-627)079493998</subfield>
   <subfield code="0">(DE-576)187016119</subfield>
   <subfield code="a">Johann Hugo</subfield>
   <subfield code="c">Trier, Erzbischof</subfield>
   <subfield code="d">1634-1711</subfield>
   <subfield code="2">gnd</subfield>
  </datafield>
  <datafield tag="689" ind1="0" ind2="1">
   <subfield code="d">g</subfield>
   <subfield code="0">(DE-588)4060882-7</subfield>
   <subfield code="0">(DE-627)106137964</subfield>
   <subfield code="0">(DE-576)20913710X</subfield>
   <subfield code="a">Erzstift Trier</subfield>
   <subfield code="2">gnd</subfield>
  </datafield>
  <datafield tag="689" ind1="0" ind2="2">
   <subfield code="d">s</subfield>
   <subfield code="0">(DE-588)4002851-3</subfield>
   <subfield code="0">(DE-627)104280352</subfield>
   <subfield code="0">(DE-576)208848975</subfield>
   <subfield code="a">Architektur</subfield>
   <subfield code="2">gnd</subfield>
  </datafield>
  <datafield tag="689" ind1="0" ind2="3">
   <subfield code="a">z</subfield>
   <subfield code="2">gnd</subfield>
   <subfield code="a">Geschichte 1676-1729</subfield>
  </datafield>
  <datafield tag="689" ind1="0" ind2=" ">
   <subfield code="5">(DE-627)</subfield>
  </datafield>
  <datafield tag="773" ind1="0" ind2="8">
   <subfield code="i">Enthalten in</subfield>
   <subfield code="t">Trierer Zeitschrift für Geschichte und Kunst des Trierer Landes und seiner Nachbargebiete</subfield>
   <subfield code="d">Heidelberg : Propylaeum, 2020</subfield>
   <subfield code="g">28(1965), Seite 196-197</subfield>
   <subfield code="h">Online-Ressource</subfield>
   <subfield code="w">(DE-627)1699318018</subfield>
   <subfield code="w">(DE-600)3025022-5</subfield>
   <subfield code="x">2700-869X</subfield>
   <subfield code="7">nnns</subfield>
  </datafield>
  <datafield tag="773" ind1="1" ind2="8">
   <subfield code="g">volume:28</subfield>
   <subfield code="g">year:1965</subfield>
   <subfield code="g">pages:196-197</subfield>
  </datafield>
  <datafield tag="787" ind1="0" ind2="8">
   <subfield code="i">Rezension von</subfield>
   <subfield code="a">Reber, Horst</subfield>
   <subfield code="t">Die Baukunst im Kurfürstentum Trier unter den Kurfürsten Johann Hugo von Orsbeck, Karl von Lothringen und Franz Ludwig von Pfalz-Neuburg</subfield>
   <subfield code="d">Trier : Bistumsarchiv, 1960</subfield>
   <subfield code="h">112 S.</subfield>
   <subfield code="w">(DE-627)1137359145</subfield>
   <subfield code="w">(DE-576)067359140</subfield>
  </datafield>
  <datafield tag="856" ind1="4" ind2="0">
   <subfield code="u">https://doi.org/10.11588/tz.1965.0.55932</subfield>
   <subfield code="x">Verlag</subfield>
   <subfield code="x">Resolving-System</subfield>
   <subfield code="z">kostenfrei</subfield>
   <subfield code="3">Volltext</subfield>
  </datafield>
  <datafield tag="856" ind1="4" ind2="0">
   <subfield code="u">https://journals.ub.uni-heidelberg.de/index.php/tz/article/view/55932</subfield>
   <subfield code="x">Verlag</subfield>
   <subfield code="z">kostenfrei</subfield>
   <subfield code="3">Volltext</subfield>
  </datafield>
  <datafield tag="951" ind1=" " ind2=" ">
   <subfield code="a">AR</subfield>
  </datafield>
  <datafield tag="994" ind1=" " ind2=" ">
   <subfield code="u">https://journals.ub.uni-heidelberg.de/index.php/tz/article/view/55932/72260</subfield>
  </datafield>
  <datafield tag="994" ind1=" " ind2=" ">
   <subfield code="u">https://journals.ub.uni-heidelberg.de/index.php/tz/article/view/55932/72260</subfield>
  </datafield>
  <datafield tag="990" ind1=" " ind2=" ">
   <subfield code="a">Johann Hugo &lt;Trier, Erzbischof&gt; </subfield>
  </datafield>
  <datafield tag="990" ind1=" " ind2=" ">
   <subfield code="a">Erzstift Trier</subfield>
  </datafield>
  <datafield tag="990" ind1=" " ind2=" ">
   <subfield code="a">Architektur</subfield>
  </datafield>
  <datafield tag="990" ind1=" " ind2=" ">
   <subfield code="a">Geschichte 1676-1729</subfield>
  </datafield>
  <datafield tag="991" ind1=" " ind2=" ">
   <subfield code="a">Rezension (Monographie, Zeitschrift, Aufsatz)</subfield>
  </datafield>
  <datafield tag="999" ind1=" " ind2=" ">
   <subfield code="a">KXP-PPN1748004085</subfield>
   <subfield code="e">4563562238</subfield>
  </datafield>
 </record>
</collection>
